Relativity in fundamental astronomy: dynamics, reference frames, and data analysis (Record no. 21971)

MARC details
000 -LEADER
fixed length control field 01100nam a2200253Ia 4500
003 - CONTROL NUMBER IDENTIFIER
control field IN-BaIIA
008 - FIXED-LENGTH DATA ELEMENTS--GENERAL INFORMATION
fixed length control field 211028s9999 xx s 000 0 eng d
020 ## - INTERNATIONAL STANDARD BOOK NUMBER
International Standard Book Number 978-0-521-76481-0 (Print)
022 ## - INTERNATIONAL STANDARD SERIAL NUMBER
International Standard Serial Number 1743-9213 (Print)
022 ## - INTERNATIONAL STANDARD SERIAL NUMBER
International Standard Serial Number 1743-9221 (Online)
040 ## - CATALOGING SOURCE
Transcribing agency IIA Library
100 ## - MAIN ENTRY--PERSONAL NAME
Personal name Klioner, Sergei A., ed.
9 (RLIN) 33656
245 #0 - TITLE STATEMENT
Title Relativity in fundamental astronomy: dynamics, reference frames, and data analysis
Medium [eBook]
260 ## - PUBLICATION, DISTRIBUTION, ETC.
Place of publication, distribution, etc. Cambridge
Name of publisher, distributor, etc. Cambridge University Press
Date of publication, distribution, etc. 2010
300 ## - PHYSICAL DESCRIPTION
Extent Online resource
490 ## - SERIES STATEMENT
Series statement IAU Symposium; no. 261
650 ## - SUBJECT ADDED ENTRY--TOPICAL TERM
Topical term or geographic name entry element Data analysis-Congresses
9 (RLIN) 33654
650 ## - SUBJECT ADDED ENTRY--TOPICAL TERM
Topical term or geographic name entry element Pulsar-Congresses
9 (RLIN) 32586
650 ## - SUBJECT ADDED ENTRY--TOPICAL TERM
Topical term or geographic name entry element Dynamics-Congresses
9 (RLIN) 33655
700 ## - ADDED ENTRY--PERSONAL NAME
Personal name Kenneth Seidelmann, P., ed.
9 (RLIN) 40559
700 ## - ADDED ENTRY--PERSONAL NAME
Personal name Soffel, Michael, ed.
9 (RLIN) 40560
856 ## - ELECTRONIC LOCATION AND ACCESS
Uniform Resource Identifier <a href="https://www.cambridge.org/core/journals/proceedings-of-the-international-astronomical-union/issue/A2B66E60D543C2EEDCCF138B08C11EAC">https://www.cambridge.org/core/journals/proceedings-of-the-international-astronomical-union/issue/A2B66E60D543C2EEDCCF138B08C11EAC</a>
Link text Click Here to Access eBook
942 ## - ADDED ENTRY ELEMENTS (KOHA)
Koha item type eBooks
Holdings
Withdrawn status Lost status Damaged status Not for loan Home library Current library Date acquired Source of acquisition Total Checkouts Barcode Date last seen Uniform Resource Identifier Price effective from Koha item type
        IIA Library-Bangalore IIA Library-Bangalore 01/04/2014 CUP   EB1431 05/11/2021 https://www.cambridge.org/core/journals/proceedings-of-the-international-astronomical-union/issue/A2B66E60D543C2EEDCCF138B08C11EAC 05/11/2021 eBooks

Powered by Koha